00395nam a2200109Ia 4500008004100000082001900041100002200060245001700082260006300099630002800162650009500190211109s9999||||xx |||||||||||||| ||und|| a494.805bSUB-V aSubrahmanian, V I 0aVolume title bDravidian Lingustics AssociationaThiruvananthapuramc1976 xPost Graduate Reference aAltaic, Uralic, Hyperborean & DravidianvLinguisticsxSerial publicationsLanguageGeneralia